[Event "Mechanics' Summer TNM; 30/90, SD/30"]
[Site "San Francisco"]
[Date "2011.06.07"]
[Round "3.19"]
[White "Abraham, Renjish"]
[Black "Eytan, David"]
[Result "1-0"]
[WhiteElo "1835"]
[BlackElo "1608"]
[PlyCount "87"]
[EventDate "2011.??.??"]

1. d4 f5 2. c4 Nf6 3. Nc3 e6 4. g3 Bb4 5. Bg2 Bxc3+ 6. bxc3 O-O 7. Nf3 Nc6 8.
O-O Ne7 9. Ba3 d6 10. Qd3 Ng6 11. e3 c6 12. Rfd1 Ne4 13. Nd2 Nxd2 14. Rxd2 Rf6
15. f4 Ne7 16. e4 Rh6 17. Re1 fxe4 18. Bxe4 Nf5 19. d5 Qb6+ 20. Kg2 Nxg3 21.
hxg3 exd5 22. cxd5 Bh3+ 23. Kf3 c5 24. c4 Qc7 25. Kf2 Rf8 26. Kg1 Qd7 27. Rh2
Qg4 28. Bc1 Qd7 29. Ree2 Rff6 30. Ref2 Qg4 31. Bg2 Rf5 32. Rxh3 Rxh3 33. Bxh3
Qxh3 34. Rh2 Qg4 35. Rh4 Qg6 36. Kh2 h6 37. Qe4 Rf6 38. Qxg6 Rxg6 39. Rh5 Kf7
40. Rf5+ Ke7 41. Bb2 a6 42. a4 Rg4 43. Kh3 Rg6 44. Kh4 1-0

[Event "Mechanics' Summer TNM; 30/90, SD/30"]
[Site "San Francisco"]
[Date "2011.06.28"]
[Round "6.7"]
[White "Abraham, Renjish"]
[Black "Wong, Russell"]
[Result "0-1"]
[WhiteElo "1835"]
[BlackElo "2200"]
[PlyCount "48"]
[EventDate "2011.??.??"]

1. c4 e5 2. Nc3 Nc6 3. g3 Bc5 4. Bg2 Nf6 5. Nf3 d6 6. O-O a5 7. d3 O-O 8. a3 h6
9. Bd2 Be6 10. Na4 Ba7 11. Qc2 Qd7 12. e3 Bh3 13. b4 Bxg2 14. Kxg2 axb4 15.
axb4 Ne7 16. Nc3 g5 17. Ra2 Bb6 18. Na4 Rac8 19. Bc3 Ng6 20. c5 g4 21. cxb6
gxf3+ 22. Kxf3 Qg4+ 23. Kg2 Nh4+ 24. Kg1 Qf3 0-1

[Event "Mechanics' Summer TNM; 30/90, SD/30"]
[Site "San Francisco"]
[Date "2011.06.14"]
[Round "4.14"]
[White "Allen, Tom"]
[Black "Askin, Michael"]
[Result "0-1"]
[WhiteElo "1547"]
[BlackElo "1810"]
[PlyCount "52"]
[EventDate "2011.??.??"]

1. e4 c5 2. b4 cxb4 3. a3 bxa3 4. Nf3 g6 5. d4 Bg7 6. Rxa3 Nf6 7. e5 Nd5 8. c4
Nc7 9. Be2 d6 10. O-O dxe5 11. Nxe5 O-O 12. Nd2 Qxd4 13. Ndf3 Qxd1 14. Rxd1 Ne6
15. Rad3 Na6 16. Nd7 Re8 17. Be3 Bxd7 18. Rxd7 Nac5 19. R7d5 Ne4 20. R1d3 Nc3
21. Bd1 Nxd5 22. cxd5 Nf8 23. Ba4 Red8 24. Bc5 e6 25. d6 Rac8 26. Bxa7 Ra8 0-1

[Event "Mechanics' Summer TNM; 30/90, SD/30"]
[Site "San Francisco"]
[Date "2011.06.28"]
[Round "6.13"]
[White "Allen, Tom"]
[Black "Zhao, Art"]
[Result "0-1"]
[WhiteElo "1547"]
[BlackElo "1820"]
[PlyCount "30"]
[EventDate "2011.??.??"]

1. e4 c5 2. d4 cxd4 3. c3 d3 4. Bxd3 Nc6 5. c4 d6 6. Nf3 Nf6 7. Nc3 e6 8. O-O
Be7 9. Qe2 O-O 10. Rd1 e5 11. Bg5 (11. Be3 $14) 11... Bg4 12. Bxf6 $6 (12. Be3
$14) 12... Bxf6 13. Qe3 Nd4 14. Rd2 $4 (14. Nd5 $15) 14... Bxf3 15. gxf3 Bg5
0-1

[Event "Mechanics' Summer TNM; 30/90, SD/30"]
[Site "San Francisco"]
[Date "2011.05.24"]
[Round "1.17"]
[White "Anderson, Michael"]
[Black "James, Charles"]
[Result "1-0"]
[WhiteElo "1900"]
[BlackElo "1421"]
[Annotator "Anderson"]
[PlyCount "77"]
[EventDate "2011.??.??"]

1. e4 e6 2. d4 d5 3. exd5 {White considered} (3. e5 {but as usual had not
studied the openings and therefore feared the following line} c5 4. Nf3 Nc6 5.
c3 Bd7 (5... Qb6 6. Bd3 c4 (6... cxd4 7. cxd4 Bb4+ 8. Nc3 Nxd4 9. Nxd4 Qxd4 10.
Bb5+ Bd7 11. Bxd7+ Kxd7 12. Qxd4 a5 {
which actually favored White, but out of fear played 3. dxe5}))) 3... exd5 4.
Bd3 Bd6 {White has had moderate success with} 5. h3 {
but the text gives Black equality.} Nf6 6. Bg5 Nc6 7. c3 {White figures the
virtue of 6. c3 is it keeps the evil black knight residing on c6 at bay and
therefore his bishop at d3 will not be harassed. But John Grefe says that 6 c3
is an utter waste of time and that} (7. Nc3 {
is much stronger in that it develops a piece.}) 7... Be6 8. Ne2 ({If} 8. Nf3 h6
9. Be3 ({Also} 9. Bh4 g5 10. Bg3 Bxg3 11. fxg3 Qd6 {is really good for Black})
9... g5 {and Black is better.}) 8... h6 9. Bh4 g5 10. Bg3 Ne4 11. Bxe4 ({
There is only one good continuation, according to Rybka, for White} 11. a4 Rg8
12. Nd2 Nxg3 13. Nxg3 Bxg3 14. fxg3 g4 15. hxg4 Bxg4 16. Qc1 Qe7+ 17. Kf2 O-O-O
18. Rxh6 Ne5 19. Bh7 Rg7 20. Nf3 Bxf3 21. gxf3) ({
Other variations give Black an edge: [-0.05]} 11. Qc2 Nxg3 12. Nxg3 h5 13. Nd2
Qf6 14. Ndf1 O-O-O 15. O-O-O Kb8 16. Ne3 Ne7 17. Rhe1 Rde8) ({[-0.07]} 11. b4
Nxg3 12. Nxg3 Qe7) ({[-0.11]} 11. Nd2 f5 12. Bxd6 Qxd6 13. O-O O-O-O 14. Nb3
Rhe8 15. f3 Nf6 16. Nc5 Kb8 17. b4 f4) 11... dxe4 12. d5 Bxg3 13. dxe6 Qxd1+ {
Total shock! Sadly, White couldn't even see 3 moves ahead!} ({LOL! White d to
hallucinate the variation in which Black will lose a pawn because he will be
forced to retreat the bishop with} 13... Bf4 14. exf7+ Kxf7 15. Qb3+ {
and White picks up the b7 pawn.}) 14. Kxd1 Bxf2 15. exf7+ Kxf7 16. Rf1 e3 17.
Ng3 {White is lost! Black can continue with any of the following variations:}
Kg6 ({[-2.85]} 17... Rad8+ 18. Ke2 Ne5 19. Nh1 Nd3) ({[-2.58]} 17... Ne5 18.
Ke2 Ng6 19. Nh5 Rad8 20. g4 Rhe8 21. a4 Nf4+ 22. Nxf4 gxf4 23. Rh1 Kg6 24. a5
Kg5 25. Ra4) ({[-2.16]} 17... Rhf8 18. Nh1 Kg6 19. Ke2) 18. Ne4 $4 {A horrendou
s blunder! Loses outright! White actually saw this blunder just after he let
go of the knight, and while recording his score sheet rightly jotted down 2
question marks after the move} ({[-2.16]} 18. Nh1 Rad8+ 19. Ke2 Rhf8 20. Rd1
Rxd1 21. Kxd1 Rd8+ 22. Ke2 Bg1 23. g3 Ne5 24. a4 Kf5 25. a5 h5 26. b3) 18...
Rhf8 {White is still hopelessly lost.} ({Black should have played} 18... Rhe8
19. Nxf2 e2+) ({or} 18... Rae8) 19. Ke2 (19. Nc5 Ne7 {with the idea of} 20. --
Nf5 21. -- Ng3) 19... Rae8 20. Nc5 b6 21. Nd3 Rf6 {
White can breathe a little easier, but still has a huge uphill battle.} 22. Na3
{Rybka gives the following variations as having a huge advantage for Black
(the numbers in the brackets denote the pawn count advantage ( - for Black and
+ for White))} ({[-2.02]} 22. g4 h5 23. Na3 hxg4 24. hxg4 Ne5 25. Nxe5+ Rxe5
26. Nc2 Rf4 27. Nb4 Rxg4 28. Nd3 Re7 29. a4 Rg2 30. Kf3 Rh2 31. Nxf2 e2 32.
Rfe1 Rf7+ 33. Kxe2 Rhxf2+ 34. Kd3 Rxb2 35. Re8 Rg2 36. Rg8+ Kh7 37. Ra8) ({
[-3.55]} 22. g3 Ne7 23. Ne5+ Kg7 24. Ng4) ({[-3. 65]} 22. h4 gxh4 23. Na3)
22... Ne5 ({[-1.70]} 22... Kh5 23. g3 Rfe6 24. g4+ Kh4 25. Rh1 Re4 26. Raf1 Rf8
27. Nc2) 23. Rad1 Nxd3 24. Rxd3 Ref8 25. Nc2 Re8 26. Nxe3 Bxe3 27. Rxf6+ Kxf6
28. Rxe3 Rxe3+ {White is no longer in danger of losing.} 29. Kxe3 Ke5 {
Here Black offered White a draw, but White, knowing virtually nothing of the
endings, wanted to play on. Rybka still states that Black is better, if only a
little.} 30. g4 c6 ({Rybka gives the following variation} 30... Kd5 31. Kd3 b5
32. b3 Ke5 33. Ke3 Kd5 34. b4 {with a slight edge.}) 31. c4 {
Now Rybka states this is a dead draw...} a6 32. b4 a5 ({Black had to play} 
32... c5 {to insure the draw}) 33. c5 bxc5 34. bxa5 Kd6 35. Kd3 Kc7 36. Kc4 Kb7
37. Kxc5 Ka6 38. Kxc6 Kxa5 39. Kd6 1-0

[Event "Mechanics' Summer TNM; 30/90, SD/30"]
[Site "San Francisco"]
[Date "2011.06.28"]
[Round "6.11"]
[White "Anderson, Michael"]
[Black "Macintyre, Brendan"]
[Result "0-1"]
[WhiteElo "1900"]
[BlackElo "1643"]
[PlyCount "89"]
[EventDate "2011.??.??"]

1. e4 c5 2. d4 cxd4 3. c3 dxc3 4. Nxc3 Nc6 5. Nf3 e6 6. Bc4 Nge7 7. Nb5 Ng6 8.
O-O a6 9. Nd6+ Bxd6 10. Qxd6 Qe7 11. Qg3 O-O 12. e5 f6 13. exf6 Qxf6 14. Bg5
Qf5 15. Rfe1 b5 16. Bb3 Na5 17. Nd4 Qf7 18. Bc2 Bb7 19. f3 Rac8 20. Rac1 Rc4
21. Qd6 Bc6 22. Nxc6 Rxc6 23. Bxg6 Qxg6 24. Rxc6 dxc6 25. Qxe6+ Qxe6 26. Rxe6
h6 27. Bh4 Rc8 28. b3 Nb7 29. Re7 Nc5 30. Ra7 Nd3 31. Rd7 Nb4 32. a4 bxa4 33.
bxa4 Nd3 34. Rd8+ Rxd8 35. Bxd8 Nb2 36. a5 Kf7 37. Kf1 Ke6 38. Ke2 Kd5 39. Kd2
Nc4+ 40. Kd3 Nd6 41. Be7 Ne8 42. g3 Nc7 43. Bf8 Ne6 44. f4 h5 45. Be7 {
the last moves are inaccurate} 0-1

[Event "Mechanics' Summer TNM; 30/90, SD/30"]
[Site "San Francisco"]
[Date "2011.06.21"]
[Round "5.14"]
[White "Askin, Michael"]
[Black "Bertot, German"]
[Result "1-0"]
[WhiteElo "1810"]
[BlackElo "1654"]
[PlyCount "51"]
[EventDate "2011.??.??"]

1. d4 d5 2. c4 c6 3. Nf3 Nf6 4. Nc3 e6 5. e3 Nbd7 6. Bd3 Be7 7. O-O O-O 8. Qc2
dxc4 9. Bxc4 Nb6 10. Bd3 Nbd5 11. a3 Qc7 12. e4 Nxc3 13. bxc3 h6 14. e5 Nd7 15.
Qe2 Kh8 16. Bf4 Qd8 17. Qe4 f5 18. exf6 Nxf6 19. Qe2 Nd5 20. Bd2 Nf6 21. Ne5
Kg8 22. g4 Bd6 23. Ng6 Re8 24. f4 Nd5 25. g5 Nxf4 26. Rxf4 {B time exp} 1-0

[Event "Mechanics' Summer TNM; 30/90, SD/30"]
[Site "San Francisco"]
[Date "2011.06.07"]
[Round "3.9"]
[White "Askin, Michael"]
[Black "Grey, Peter"]
[Result "0-1"]
[WhiteElo "1810"]
[BlackElo "2006"]
[PlyCount "126"]
[EventDate "2011.??.??"]

1. d4 Nf6 2. c4 g6 3. Nc3 d5 4. Nf3 Bg7 5. Bg5 dxc4 6. e3 Be6 7. Nd2 Nd5 8.
Nce4 Nd7 9. Bxc4 O-O 10. O-O N7b6 11. Be2 Nf6 12. Nc5 Bc8 13. Bf3 c6 14. Ndb3
a5 15. Rc1 a4 16. Nd2 h6 17. Bh4 Nfd7 18. Nd3 g5 19. Bg3 Re8 20. Nc4 Nxc4 21.
Rxc4 Nb6 22. Rc1 Be6 23. Nc5 Bc8 24. Qc2 e5 25. Rfd1 exd4 26. exd4 a3 27. b4
Nd5 28. Qb3 Qb6 29. Bxd5 cxd5 30. Qxd5 Qxb4 31. Be5 Qa5 32. Qe4 b6 33. Nb7 Bxb7
34. Qxb7 Bxe5 35. dxe5 Rxe5 36. h3 Rae8 37. Rd7 Re1+ 38. Rxe1 Qxe1+ 39. Kh2
Qxf2 40. Re7 Rxe7 41. Qxe7 Qxa2 42. Qe8+ Kg7 43. Qe5+ f6 44. Qe7+ Qf7 45. Qxa3
Qc7+ 46. Kh1 b5 47. Qd3 b4 48. Qd5 Qc1+ 49. Kh2 Qf4+ 50. Kh1 Qc7 51. Qd3 h5 52.
Qd5 Qe7 53. Qd3 Qe6 54. Qf3 b3 55. h4 Qe1+ 56. Kh2 Qxh4+ 57. Kg1 Qd4+ 58. Kh1
b2 59. Qb7+ Kg6 60. Qb5 Qd1+ 61. Kh2 b1=Q 62. Qe8+ Kf5 63. Qc8+ Ke4 0-1

[Event "Mechanics' Summer TNM; 30/90, SD/30"]
[Site "San Francisco"]
[Date "2011.07.12"]
[Round "8.9"]
[White "Askin, Michael"]
[Black "Russell, Joe"]
[Result "0-1"]
[WhiteElo "1810"]
[BlackElo "1872"]
[PlyCount "92"]
[EventDate "2011.??.??"]

1. Nf3 Nf6 2. d4 g6 3. c4 Bg7 4. Nc3 O-O 5. e4 d6 6. Be2 Na6 7. h3 e5 8. d5 Nc5
9. Bg5 a5 10. Nd2 h6 11. Be3 b6 12. g4 Ne8 13. Rg1 Kh7 14. g5 f5 15. gxf6 Qxf6
16. Bg4 Nd3+ 17. Ke2 Nxf2 18. Qf1 Nxg4 19. hxg4 Qxf1+ 20. Nxf1 Bd7 21. Nd2 Nf6
22. g5 Ng4 23. gxh6 Bxh6 24. Bxh6 Kxh6 25. Rg2 Rf4 26. Rag1 Raf8 27. Kd3 R8f6
28. Ne2 Nf2+ 29. Ke3 Ng4+ 30. Kd3 Nf2+ 31. Ke3 Nh3 32. Rh1 Rh4 33. Nf3 Rxf3+
34. Kxf3 Ng5+ 35. Rxg5 Rxh1 36. Rg1 Rh4 37. Nc3 g5 38. Nb5 Rf4+ 39. Kg3 Rg4+
40. Kf2 Rxg1 41. Kxg1 Bxb5 42. cxb5 Kh5 43. Kf2 Kg4 44. Kg2 Kf4 45. Kh3 Kf3 46.
a3 a4 0-1

[Event "Mechanics' Summer TNM; 30/90, SD/30"]
[Site "San Francisco"]
[Date "2011.06.21"]
[Round "5.3"]
[White "Banik, Siddharth"]
[Black "Buscara, Sevan"]
[Result "0-1"]
[WhiteElo "1984"]
[BlackElo "2516"]
[PlyCount "30"]
[EventDate "2011.??.??"]

1. e4 d5 2. exd5 Qxd5 3. Nc3 Qa5 4. d4 Nf6 5. Nf3 Bf5 6. Bc4 c6 7. Bd2 e6 8.
Qe2 Bb4 9. Ne5 Nbd7 10. Nxd7 Nxd7 11. g4 Bxc2 12. Rc1 Bg6 13. h4 Nf6 14. O-O (
14. h5 Be4 15. O-O {was only slightly better for Black.}) 14... O-O-O 15. h5 $4
Rxd4 0-1

[Event "Mechanics' Summer TNM; 30/90, SD/30"]
[Site "San Francisco"]
[Date "2011.06.07"]
[Round "3.11"]
[White "Banik, Siddharth"]
[Black "Litowsky, Daniel"]
[Result "1-0"]
[WhiteElo "1984"]
[BlackElo "1700"]
[PlyCount "55"]
[EventDate "2011.??.??"]

1. e4 e5 2. Bc4 Bc5 3. Nf3 Nc6 4. O-O Nf6 5. c3 d6 6. d3 h6 7. Nbd2 O-O 8. Bb3
Ne7 9. d4 exd4 10. cxd4 Bb6 11. Re1 Ng6 12. Nf1 Be6 13. d5 Bd7 14. Ng3 Re8 15.
Bd2 Ng4 16. Nh1 N4e5 17. Be3 Bg4 18. Ng3 Qf6 19. Bxb6 axb6 20. Re3 Nxf3+ (20...
Nh4 $142) 21. gxf3 Bh3 22. Rc1 Re7 23. Bc4 Ne5 24. Bf1 Bxf1 25. Kxf1 Rxa2 26.
Nf5 Rd7 27. Qb3 Rxb2 28. Qxb2 1-0

[Event "Mechanics' Summer TNM; 30/90, SD/30"]
[Site "San Francisco"]
[Date "2011.07.12"]
[Round "8.12"]
[White "Banik, Siddharth"]
[Black "Oca, Homer"]
[Result "1-0"]
[WhiteElo "1984"]
[BlackElo "1674"]
[PlyCount "47"]
[EventDate "2011.??.??"]

1. e4 a6 2. c4 e5 3. Nf3 d6 4. h3 c5 5. Nc3 Bd7 6. d3 h6 7. Qb3 Bc6 8. g3 Nd7
9. Bg2 g5 10. a4 Bg7 11. Nd1 Ne7 12. Ne3 Nf6 13. Qa2 O-O 14. g4 b5 15. h4 Nh7
16. hxg5 hxg5 17. Nf5 Nxf5 18. exf5 bxa4 19. Rxh7 Kxh7 20. Nxg5+ Kg8 21. Bxc6
e4 22. Nxe4 Bxb2 23. Qxa4 Qb6 24. f6 {remainder illegible} 1-0

[Event "Mechanics' Summer TNM; 30/90, SD/30"]
[Site "San Francisco"]
[Date "2011.05.24"]
[Round "1.13"]
[White "Beilin, Allan"]
[Black "Cortese, Chris"]
[Result "1-0"]
[WhiteElo "2005"]
[BlackElo "1530"]
[PlyCount "74"]
[EventDate "2011.??.??"]

1. e4 c5 2. Nf3 d6 3. d4 cxd4 4. Nxd4 Nf6 5. Nc3 a6 6. Be2 e6 7. O-O Be7 8. Kh1
O-O 9. f4 b5 10. a3 Bb7 11. Bd3 Nbd7 12. Qe1 Qc7 13. Qg3 d5 14. e5 Ne4 15. Bxe4
dxe4 16. Re1 Qc4 17. Nb3 f5 18. exf6 Rxf6 19. Na5 Qc7 20. Nxb7 Qxb7 21. Nxe4
Rg6 22. Qf2 Rc8 23. b3 Qc6 24. Bb2 Nc5 25. Ng3 Bh4 26. Qe3 Bxg3 27. hxg3 Nd7
28. Rac1 Qd5 29. Kg1 Qf5 30. c4 bxc4 31. Rxc4 Rxc4 32. bxc4 Qc2 33. Qe2 Qf5 34.
Qe4 Nc5 35. Qa8+ Qf8 36. Qxf8+ Kxf8 37. Re3 Ke7 {remainder illegible} 1-0

[Event "Mechanics' Summer TNM; 30/90, SD/30"]
[Site "San Francisco"]
[Date "2011.07.12"]
[Round "8.8"]
[White "Beilin, Allan"]
[Black "Lenea, Digne De"]
[Result "1-0"]
[WhiteElo "2005"]
[BlackElo "1851"]
[PlyCount "108"]
[EventDate "2011.??.??"]

1. e4 e6 2. d4 d5 3. e5 c5 4. c3 Nc6 5. Nf3 cxd4 6. cxd4 Bb4+ 7. Bd2 Nge7 8.
Bxb4 Nxb4 9. Nc3 a6 10. Be2 O-O 11. O-O Bd7 12. a3 Nbc6 13. Bd3 Ng6 14. Na4 Nf4
15. Bc2 f5 16. Qd2 Ng6 17. Nc5 b6 18. Nb7 Qe7 19. Nd6 Nh4 20. Nxh4 Qxh4 21. f4
Na7 22. a4 Nc8 23. Qb4 Qd8 24. Bd3 Nxd6 25. Qxd6 Bc8 26. Qc6 Bd7 27. Qd6 Bc8
28. Rfc1 Qxd6 29. exd6 Bd7 30. Rc7 Rfd8 31. Rb7 Rab8 32. Bxa6 Rxb7 33. Bxb7 Rb8
34. Ba6 Ra8 35. Be2 Rxa4 36. Rc1 Ra7 37. Kf2 Kf8 38. Ke3 Ke8 39. Kd2 Ra8 40.
Rc7 Rb8 41. Kc3 Rc8 42. Kb4 Kd8 43. Rxc8+ Kxc8 44. Bb5 h6 45. Bxd7+ Kxd7 46.
Kb5 g5 47. Kxb6 Kxd6 48. Kb5 gxf4 49. Kb4 e5 50. dxe5+ Kxe5 51. Kc3 Ke4 52. b4
Ke3 53. b5 d4+ 54. Kb2 d3 {score ends} 1-0

[Event "Mechanics' Summer TNM; 30/90, SD/30"]
[Site "San Francisco"]
[Date "2011.06.07"]
[Round "3.10"]
[White "Beilin, Allan"]
[Black "Miller, David"]
[Result "1-0"]
[WhiteElo "2005"]
[BlackElo "1800"]
[PlyCount "47"]
[EventDate "2011.??.??"]

1. e4 e5 2. Nf3 Nf6 3. Nxe5 Nxe4 4. Qe2 Qe7 5. Qxe4 d6 6. d4 dxe5 7. Qxe5 Qxe5+
8. dxe5 Bf5 9. c3 Nd7 10. f4 O-O-O 11. Be3 f6 12. exf6 Nxf6 13. h3 Bd6 14. Bc4
Rhe8 15. Kf2 Rxe3 16. Kxe3 Bc5+ 17. Ke2 Re8+ 18. Kd1 Rd8+ 19. Ke2 Re8+ 20. Kd1
Ne4 21. Re1 Nf2+ 22. Kd2 Ne4+ 23. Kd1 Rd8+ 24. Ke2 {remainder illegible} 1-0

[Event "Mechanics' Summer TNM; 30/90, SD/30"]
[Site "San Francisco"]
[Date "2011.07.05"]
[Round "7.13"]
[White "Bertot, German"]
[Black "Abraham, Renjish"]
[Result "0-1"]
[WhiteElo "1654"]
[BlackElo "1835"]
[PlyCount "54"]
[EventDate "2011.??.??"]

1. d4 Nf6 2. c4 g6 3. Nc3 Bg7 4. e4 d6 5. Be3 O-O 6. Nf3 Nbd7 7. Be2 c5 8. d5
a6 9. a4 Ng4 10. Bd2 Nge5 11. O-O Nb6 12. b3 f5 13. Nxe5 Bxe5 14. a5 Nd7 15.
exf5 Rxf5 16. Bg4 Rf8 17. Be6+ Kh8 18. Rc1 Bg7 19. Ne4 Qe8 20. Ng5 h6 21. Qg4
Bf6 22. Qh3 Bxg5 23. Bxg5 h5 24. Qc3+ Kh7 25. Rce1 Nf6 26. Bd7 Bxd7 27. Bxf6
Rxf6 {remainder illegible} 0-1

[Event "Mechanics' Summer TNM; 30/90, SD/30"]
[Site "San Francisco"]
[Date "2011.06.28"]
[Round "6.19"]
[White "Bertot, German"]
[Black "Hilliard, Michael"]
[Result "1-0"]
[WhiteElo "1654"]
[BlackElo "1466"]
[PlyCount "101"]
[EventDate "2011.??.??"]

1. d4 d5 2. c4 e6 3. Nc3 Nf6 4. Bg5 Be7 5. Nf3 c5 6. cxd5 exd5 7. dxc5 Be6 8.
e3 Nc6 9. Bb5 Bxc5 10. Nd4 Bxd4 11. Qxd4 O-O 12. Qf4 a6 13. Bxf6 Qxf6 14. Qxf6
gxf6 15. Be2 Rad8 16. a3 Rfe8 17. O-O-O f5 18. Bf3 Ne7 19. Rhe1 Rd7 20. Kb1
Red8 21. Na4 Rc7 22. Nc3 b5 23. Re2 Rcd7 24. Red2 Kg7 25. b4 Kf6 26. Ne2 Nc8
27. Nf4 Nb6 28. Nd3 Nc4 29. Ra2 Ne5 30. Nc5 Ra7 31. a4 Nxf3 32. gxf3 bxa4 33.
Rxa4 Rda8 34. Ra5 Ke5 35. Rd4 Kf6 36. Rh4 Kg6 37. Kb2 Bd7 38. Rd4 Bc6 39. Nd3
Kf6 40. Nf4 Bb5 41. Nxd5+ Kg7 42. Nc3 Bf1 43. Rdd5 Bh3 44. Ne2 Rb8 45. Ka3 Rab7
46. Rd4 Rb6 47. Nf4 Bf1 48. Rxf5 R8b7 49. Rg5+ Kf6 50. Rg1 Bb5 51. Nd5+ 1-0

[Event "Mechanics' Summer TNM; 30/90, SD/30"]
[Site "San Francisco"]
[Date "2011.05.24"]
[Round "1.8"]
[White "Bertot, German"]
[Black "Jones, James"]
[Result "0-1"]
[WhiteElo "1654"]
[BlackElo "2081"]
[PlyCount "78"]
[EventDate "2011.??.??"]

1. d4 Nf6 2. c4 c5 3. d5 Ne4 4. Qc2 Qa5+ 5. Nd2 Nf6 6. e4 d6 7. Be2 g6 8. Ngf3
Bg4 9. O-O Bg7 10. h3 Bxf3 11. Nxf3 Nbd7 12. Bd2 Qc7 13. Rab1 O-O 14. Rfe1 a6
15. Bd3 b5 16. a3 bxc4 17. Bxc4 Nb6 18. Ba5 Nfd7 19. b3 Qa7 20. Bd3 Rfc8 21.
Bc3 Bxc3 22. Qxc3 Rc7 23. Rbc1 Rb8 24. Qd2 c4 25. Bxc4 Nc5 26. Qg5 Nxc4 27.
Rxc4 Rxb3 28. Rec1 Rxa3 29. Qh6 f6 30. e5 Ra2 31. Rh4 e6 32. exf6 exd5 33. Ng5
Ne6 34. f7+ Rxf7 35. Rc8+ Nf8 36. Kh2 Rfxf2 37. Rxf8+ Rxf8 38. Ne6 Rxg2+ 39.
Kxg2 Qf2+ 0-1

[Event "Mechanics' Summer TNM; 30/90, SD/30"]
[Site "San Francisco"]
[Date "2011.06.07"]
[Round "3.25"]
[White "Bertot, German"]
[Black "Rakonitz, David"]
[Result "1-0"]
[WhiteElo "1654"]
[BlackElo "1316"]
[PlyCount "121"]
[EventDate "2011.??.??"]

1. d4 Nf6 2. Nf3 e6 3. Bg5 Be7 4. c4 b6 5. e3 Bb7 6. Bd3 c5 7. dxc5 Bxc5 8. O-O
Be7 9. Nbd2 d5 10. cxd5 Nxd5 11. Bb5+ Kf8 12. Bxe7+ Qxe7 13. a3 a6 14. Bd3 g6
15. Rc1 Nc6 16. Nc4 b5 17. Nce5 Rc8 18. Qd2 f6 19. Nxc6 Rxc6 20. e4 Nb6 21.
Rxc6 Bxc6 22. Rc1 Qb7 23. Qc3 Ke7 24. Qxc6 Qxc6 25. Rxc6 Rd8 26. Bf1 Rb8 27.
Rc7+ Nd7 28. Nd4 Rb6 29. f3 e5 30. Nb3 Kd8 31. Rc2 Ke7 32. g3 Rd6 33. Kf2 Kd8
34. Ke2 Nb8 35. Na5 Rd7 36. Bh3 Rc7 37. Rd2+ Ke7 38. Kd1 Rc5 39. Nb7 Rc7 40.
Na5 Rc5 41. Rc2 Rxc2 42. Kxc2 Kd6 43. Kc3 Nc6 44. Nxc6 Kxc6 45. b4 Kc7 46. Be6
Kd8 47. h4 h6 48. g4 g5 49. hxg5 hxg5 50. Kb3 Kc7 51. a4 Kb6 52. Bd7 bxa4+ 53.
Kxa4 Kc7 54. Be8 Kd8 55. Bf7 Kc7 56. Ka5 Kd6 57. Kxa6 Kc7 58. Ka7 Kc6 59. Be8+
Kd6 60. b5 Kc5 61. b6 1-0

[Event "Mechanics' Summer TNM; 30/90, SD/30"]
[Site "San Francisco"]
[Date "2011.07.05"]
[Round "7.1"]
[White "Buscara, Sevan"]
[Black "Cunningham, Robin"]
[Result "1/2-1/2"]
[WhiteElo "2516"]
[BlackElo "2274"]
[PlyCount "21"]
[EventDate "2011.??.??"]

1. d4 f5 2. Bg5 h6 3. Bh4 g5 4. Bg3 Nf6 5. e3 e6 6. Nc3 d6 7. Bd3 Qe7 8. h4 Rg8
9. Qe2 Nc6 10. O-O-O Bd7 11. Bc4 1/2-1/2

[Event "Mechanics' Summer TNM; 30/90, SD/30"]
[Site "San Francisco"]
[Date "2011.05.24"]
[Round "1.1"]
[White "Buscara, Sevan"]
[Black "Newey, Richard"]
[Result "1-0"]
[WhiteElo "2516"]
[BlackElo "1752"]
[PlyCount "105"]
[EventDate "2011.??.??"]

1. d4 Nf6 2. Bf4 g6 3. Nf3 Bg7 4. e3 O-O 5. Be2 d5 6. O-O Bg4 7. h3 Bf5 8. c4
c5 9. Nc3 dxc4 10. Bxc4 cxd4 11. Nxd4 Bd7 12. Qb3 Nc6 13. Nxc6 Bxc6 14. Rfd1
Qa5 15. Nb5 Rac8 16. f3 Qb6 17. a4 a6 18. a5 Qc5 19. Rac1 Qh5 20. Nd4 e5 21.
Nxc6 Rxc6 22. Bh2 Rfc8 23. Bxf7+ Kf8 24. Rxc6 bxc6 25. Qe6 Qf5 26. Bxe5 Qxe6
27. Bxe6 Ra8 28. Bd6+ Ke8 29. Rc1 Nd5 30. Rxc6 Nxe3 31. Bc5 Nf5 32. Bxf5 gxf5
33. b4 Kf7 34. f4 Bc3 35. g4 Bd2 36. Rc7+ Kg6 37. Bd6 Re8 38. Be5 fxg4 39. hxg4
Bxb4 40. Rc6+ Kf7 41. Rxa6 Rc8 42. Rf6+ Kg8 43. a6 Rc2 44. Bd4 Bc5 45. Bxc5
Rxc5 46. Kf2 Ra5 47. Kg3 Kg7 48. Rb6 Ra4 49. Kh4 Rxf4 50. Kg5 Ra4 51. Rb7+ Kf8
52. a7 Ra5+ 53. Kh4 1-0

[Event "Mechanics' Summer TNM; 30/90, SD/30"]
[Site "San Francisco"]
[Date "2011.06.28"]
[Round "6.1"]
[White "Buscara, Sevan"]
[Black "Rumph, Todd"]
[Result "1-0"]
[WhiteElo "2516"]
[BlackElo "2152"]
[Annotator "Rumph"]
[PlyCount "87"]
[EventDate "2011.??.??"]

1. d4 d5 2. Bf4 Nf6 3. e3 c5 4. c3 Nc6 5. Nd2 ({
Avoiding one of the better responses to the London:} 5. Nf3 Qb6 6. Qb3 c4 $1 {
and Black is OK after:} 7. Qc2 (7. Qxb6 axb6 8. Na3 Bf5 9. Nb5 Ra5) 7... Bf5 8.
Qc1) 5... Bf5 (5... Qb6 6. Qc2 g6 {is also OK for Black.}) 6. Qb3 Qd7 $5 (6...
Qb6 7. Qxb6 axb6 {looks slightly better for White}) 7. dxc5 $6 e5 8. Bg3 Bxc5
$15 {Development ala Reinfeld...} 9. Ngf3 Bd6 10. Bb5 Qe7 (10... Qc7 11. c4 O-O
12. c5 Bxc5 13. Bxc6 bxc6 14. Bxe5 Qe7 $15) 11. O-O h6 $2 (11... O-O 12. Bh4
$140 Rfd8 13. Bxf6 (13. c4 d4 14. Bxc6 bxc6 (14... dxe3 $2 15. Be4 $1 $18) 15.
exd4 exd4 16. Rfe1 Qc7 17. Bxf6 gxf6 $13) 13... Qxf6 14. Qxd5 e4 15. Nxe4 Bxh2+
$1 16. Nxh2 Qg6 17. Qb3 Bxe4 18. f3 Rd2 $40) (11... e4 12. Nd4 Bd7 13. Bxd6
Qxd6 $11) (11... a6 12. Be2 O-O $15) 12. c4 $1 a6 13. cxd5 axb5 14. dxc6 bxc6
15. Qc3 $1 Nd7 $5 16. Qxc6 O-O 17. Qxb5 $2 (17. Ne4 $16) 17... Rab8 18. Qa5 Bb4
19. Qa4 Bxd2 $2 (19... Nc5 20. Qd1 f6) 20. Nxd2 Rxb2 21. Nc4 Rb7 22. Na5 Nc5
23. Qa3 Nd3 (23... Ra8 $1) 24. Qxe7 Rxe7 25. a4 $14 Ra8 26. Nc4 f6 27. a5 Be6
28. Nb6 Ra6 29. Ra3 Nb4 30. f4 exf4 31. Rxf4 $1 Nd5 $6 (31... Nc2 $2 32. Rc3) (
31... Nc6 32. Be1 Rea7 33. Rfa4 Kf7 $14) 32. Nxd5 Bxd5 33. Rd4 Bb7 (33... Ba8)
34. Rd8+ Kh7 35. Rd6 Rxd6 (35... Re6 $142) 36. Bxd6 Re6 37. Bc5 (37. a6 Rxd6
38. axb7 Rb6 39. Ra7 Rb2 $11) 37... Rc6 38. Rc3 f5 $2 (38... Kg6) 39. Kf2 Kg6
40. Ke2 Kf7 41. Kd3 Ke6 42. Kc4 Ba6+ 43. Kb4 Rc8 44. Rc2 $16 {
White won after about 20 more moves.} 1-0